The Seven Sacraments (Holy Mysteries) - Statistics

General Stats
  • This quiz has been taken 368 times
  • The average score is 5 of 7
Answer Stats
Answer % Correct
Baptism
97%
Holy Communion
89%
Matrimony
89%
Confirmation
84%
Pennance
68%
Holy Orders
64%
Anointing of the Sick
46%
No matching quizzes found
Score Distribution
Percent of People with Each Score
Percentile by Number Answered
Your Score History
You have not taken this quiz